[Event "Titled Tuesday intern op 04th Mar Early"]
[Site "Chess.com INT"]
[Date "2025.03.04"]
[Round "8"]
[White "Ge, William"]
[Black "Quispe Santacruz, Javier"]
[Result "1-0"]
[WhiteElo "2205"]
[BlackElo "1828"]
[PlyCount "59"]
[EventDate "2025.03.04"]
[EventType "swiss (blitz)"]
[EventRounds "11"]
[EventCountry "USA"]
[SourceTitle "CB11_2025"]
[SourceDate "2025.03.12"]
[SourceVersion "1"]
[SourceVersionDate "2025.03.12"]
[SourceQuality "1"]

1. e4 e5 2. Nf3 Nc6 3. Bb5 a6 4. Ba4 Nf6 5. 0-0 Be7 6. Re1 b5 7. Bb3 0-0 8. c3 d5 9. exd5 Nxd5 10. Nxe5 Nxe5 11. Rxe5 c6 12. Bxd5 cxd5 13. d4 Bd6 14. Rh5 g6 15. Rh6 Re8 16. g3 Qf6 17. Be3 Qe7 18. Nd2 f5 19. Nf3 f4 20. Bxf4 Bxf4 21. gxf4 Bg4 22. Qd3 Qf6 23. Ne5 Bf5 24. Qg3 Re6 25. Re1 Rae8 26. f3 Kh8 27. Rh4 Kg7 28. Qg5 Qf8 29. Qh6+ Kf6 30. Nd7+ 1-0

[Event "Titled Tuesday intern op 04th Mar Early"]
[Site "Chess.com INT"]
[Date "2025.03.04"]
[Round "7"]
[White "Quispe Santacruz, Javier"]
[Black "Ruiz Aguilar, Pablo Alexander"]
[Result "0-1"]
[WhiteElo "1828"]
[BlackElo "2190"]
[PlyCount "52"]
[EventDate "2025.03.04"]
[EventType "swiss (blitz)"]
[EventRounds "11"]
[EventCountry "USA"]
[SourceTitle "CB11_2025"]
[SourceDate "2025.03.12"]
[SourceVersion "1"]
[SourceVersionDate "2025.03.12"]
[SourceQuality "1"]

1. e4 c5 2. Nf3 e6 3. d4 cxd4 4. Nxd4 a6 5. c4 Nf6 6. Nc3 d6 7. f3 Be7 8. Be3 b6 9. Bd3 Bb7 10. 0-0 Nbd7 11. b3 Rc8 12. Rc1 Qc7 13. Qe2 Qb8 14. Qf2 0-0 15. Rfd1 Rfe8 16. g4 Ne5 17. h3 Nxd3 18. Rxd3 d5 19. exd5 exd5 20. cxd5 Nxd5 21. Nxd5 Rxc1+ 22. Bxc1 Bxd5 23. Bb2 Bc5 24. Qd2 Qg3+ 25. Kh1 Re1+ 26. Qxe1 Qxe1+ 0-1

[Event "Titled Tuesday intern op 04th Mar Early"]
[Site "Chess.com INT"]
[Date "2025.03.04"]
[Round "3"]
[White "Quispe Santacruz, Javier"]
[Black "Sasvatha, A."]
[Result "0-1"]
[WhiteElo "1828"]
[BlackElo "1760"]
[PlyCount "76"]
[EventDate "2025.03.04"]
[EventType "swiss (blitz)"]
[EventRounds "11"]
[EventCountry "USA"]
[SourceTitle "CB11_2025"]
[SourceDate "2025.03.12"]
[SourceVersion "1"]
[SourceVersionDate "2025.03.12"]
[SourceQuality "1"]

1. e4 c6 2. d4 d5 3. Nc3 a6 4. e5 Bf5 5. Nf3 e6 6. Bf4 Nd7 7. Bd3 Bxd3 8. Qxd3 Ne7 9. 0-0 c5 10. Rfe1 cxd4 11. Qxd4 Nc6 12. Qd3 Be7 13. Rad1 0-0 14. Nd4 Rc8 15. Nxc6 Rxc6 16. h3 Bb4 17. Bd2 Bxc3 18. Bxc3 Qc7 19. Rc1 Rc8 20. Re2 b5 21. a3 Rc4 22. Bd4 h6 23. f4 Nc5 24. Bxc5 Qxc5+ 25. Kh1 Rxf4 26. Qg3 Rc4 27. c3 d4 28. Rec2 dxc3 29. Rxc3 Qd5 30. b3 Rxc3 31. Rxc3 Rd8 32. Kh2 Qd1 33. Rc7 Qd3 34. Qf4 Qf5 35. Qxf5 exf5 36. Ra7 Rd3 37. Rxa6 Rxb3 38. Rb6 Kh7 0-1

[Event "Titled Tuesday intern op 04th Mar Early"]
[Site "Chess.com INT"]
[Date "2025.03.04"]
[Round "5"]
[White "Quispe Santacruz, Javier"]
[Black "Solberg, Joachim Krokvik"]
[Result "0-1"]
[WhiteElo "1828"]
[BlackElo "2157"]
[PlyCount "73"]
[EventDate "2025.03.04"]
[EventType "swiss (blitz)"]
[EventRounds "11"]
[EventCountry "USA"]
[SourceTitle "CB11_2025"]
[SourceDate "2025.03.12"]
[SourceVersion "1"]
[SourceVersionDate "2025.03.12"]
[SourceQuality "1"]

1. e4 c5 2. Nf3 e6 3. d4 cxd4 4. Nxd4 Bc5 5. Nb3 Bb6 6. Nc3 Ne7 7. Bd3 0-0 8. Qe2 Nbc6 9. Be3 f5 10. Bxb6 Qxb6 11. 0-0 Nb4 12. Rad1 Nxd3 13. cxd3 d5 14. exf5 Nxf5 15. Rc1 Bd7 16. Nd1 Rac8 17. Ne3 Nd4 18. Nxd4 Qxd4 19. a3 Bb5 20. Rxc8 Rxc8 21. Rd1 Qe5 22. Qd2 d4 23. Ng4 Qf5 24. f3 h5 25. Nf2 e5 26. Ne4 Rd8 27. Qb4 Bc6 28. Nd6 Qd7 29. Qc4+ Kh7 30. Ne4 Bd5 31. Qb4 Bxe4 32. fxe4 Qg4 33. Rf1 Rc8 34. Qxb7 Rc2 35. g3 Qe2 36. Rf2 Qxf2+ 37. Kh1 0-1

[Event "Titled Tuesday intern op 04th Mar Early"]
[Site "Chess.com INT"]
[Date "2025.03.04"]
[Round "6"]
[White "Tharushi, THD Niklesha"]
[Black "Quispe Santacruz, Javier"]
[Result "1-0"]
[WhiteElo "1874"]
[BlackElo "1828"]
[PlyCount "65"]
[EventDate "2025.03.04"]
[EventType "swiss (blitz)"]
[EventRounds "11"]
[EventCountry "USA"]
[SourceTitle "CB11_2025"]
[SourceDate "2025.03.12"]
[SourceVersion "1"]
[SourceVersionDate "2025.03.12"]
[SourceQuality "1"]

1. e4 c5 2. Nf3 d6 3. Bb5+ Nc6 4. 0-0 Nf6 5. e5 dxe5 6. Nxe5 Bd7 7. Bxc6 Bxc6 8. Nxc6 bxc6 9. Nc3 g6 10. d3 Bg7 11. Be3 Qb6 12. Na4 Qb5 13. c4 Qb4 14. Bxc5 Qb7 15. Re1 e6 16. Bd4 0-0 17. Bc3 Rfd8 18. Nc5 Qb6 19. b4 a5 20. Na4 Qa7 21. bxa5 Ng4 22. Qxg4 Bxc3 23. Nxc3 Qxa5 24. Ne4 Rxd3 25. Qh4 h5 26. Qf6 Qb4 27. Ng5 Ra7 28. Nxe6 fxe6 29. Qxg6+ Kh8 30. Qxd3 Rxa2 31. Qd4+ Kh7 32. Qe4+ Kh8 33. Rxa2 1-0

[Event "Titled Tuesday intern op 11th Feb Early"]
[Site "Chess.com INT"]
[Date "2025.02.11"]
[Round "3"]
[White "Abad Huaman, Adrian Estiven"]
[Black "Quispe Santacruz, Javier"]
[Result "1-0"]
[WhiteElo "2046"]
[BlackElo "1810"]
[PlyCount "45"]
[EventDate "2025.02.11"]
[EventType "swiss (blitz)"]
[EventRounds "11"]
[EventCountry "USA"]
[SourceTitle "CB08_2025"]
[SourceDate "2025.02.19"]
[SourceVersion "1"]
[SourceVersionDate "2025.02.19"]
[SourceQuality "1"]

1. d4 d5 2. c4 c6 3. Nf3 h6 4. g3 Nf6 5. Qc2 Bg4 6. Ne5 Bh5 7. Bg2 Nbd7 8. 0-0 Nxe5 9. dxe5 Bg6 10. Qb3 dxc4 11. Qxb7 Nd5 12. Qxc6+ Qd7 13. Qxa8+ Qd8 14. Qc6+ Qd7 15. Bxd5 e6 16. Qa8+ Ke7 17. Bxc4 Qc7 18. b3 f6 19. Nc3 Bf7 20. Ba3+ Kd7 21. Bb5+ Qc6 22. Qxc6+ Kd8 23. Qd7# 1-0

[Event "Titled Tuesday intern op 11th Feb Early"]
[Site "Chess.com INT"]
[Date "2025.02.11"]
[Round "8"]
[White "Quispe Santacruz, Javier"]
[Black "Contreras Huaman, Fiorella Daiana"]
[Result "0-1"]
[WhiteElo "1810"]
[BlackElo "2246"]
[PlyCount "66"]
[EventDate "2025.02.11"]
[EventType "swiss (blitz)"]
[EventRounds "11"]
[EventCountry "USA"]
[SourceTitle "CB08_2025"]
[SourceDate "2025.02.19"]
[SourceVersion "1"]
[SourceVersionDate "2025.02.19"]
[SourceQuality "1"]

1. e4 c6 2. d4 g6 3. Nc3 d5 4. e5 Bg7 5. Nf3 f6 6. Bf4 Nh6 7. Qd2 Nf7 8. Bd3 Bg4 9. Qe3 Bxf3 10. Qxf3 fxe5 11. dxe5 0-0 12. Qe3 d4 13. Qe4 dxc3 14. bxc3 Qd5 15. Qxd5 cxd5 16. Kd1 Nxe5 17. Bxe5 Bxe5 18. f3 Bxc3 19. Rb1 Nc6 20. Rxb7 Rab8 21. Rxb8 Rxb8 22. Ke2 e5 23. Rd1 Kf7 24. g4 Ke6 25. h4 Rb4 26. h5 e4 27. fxe4 dxe4 28. Ba6 Nd4+ 29. Ke3 Ke5 30. Bc8 Nxc2+ 31. Ke2 Nd4+ 32. Ke3 Rb2 33. hxg6 Re2# 0-1

[Event "Titled Tuesday intern op 11th Feb Early"]
[Site "Chess.com INT"]
[Date "2025.02.11"]
[Round "6"]
[White "Quispe Santacruz, Javier"]
[Black "Demchenko, Yaroslav"]
[Result "0-1"]
[WhiteElo "1810"]
[BlackElo "2201"]
[PlyCount "48"]
[EventDate "2025.02.11"]
[EventType "swiss (blitz)"]
[EventRounds "11"]
[EventCountry "USA"]
[SourceTitle "CB09_2025"]
[SourceDate "2025.02.27"]
[SourceVersion "1"]
[SourceVersionDate "2025.02.27"]
[SourceQuality "1"]

1. e4 e5 2. Nf3 d6 3. Bc4 Be7 4. Nc3 Nf6 5. d3 c6 6. Be3 0-0 7. 0-0 Bg4 8. h3 Bh5 9. Bb3 Nbd7 10. Re1 Re8 11. a3 Nf8 12. Bg5 Qd7 13. Qe2 h6 14. Bh4 Ng6 15. Bg3 d5 16. exd5 cxd5 17. Bh4 Nxh4 18. Nxh4 Bxe2 19. Rxe2 a6 20. Rae1 Bc5 21. Rxe5 Rxe5 22. Rxe5 Bd4 23. Re1 Bxc3 24. bxc3 Rc8 0-1

[Event "Titled Tuesday intern op 11th Feb Early"]
[Site "Chess.com INT"]
[Date "2025.02.11"]
[Round "9"]
[White "Quispe Santacruz, Javier"]
[Black "Gulamirian, Korun"]
[Result "0-1"]
[WhiteElo "1810"]
[BlackElo "1890"]
[PlyCount "38"]
[EventDate "2025.02.11"]
[EventType "swiss (blitz)"]
[EventRounds "11"]
[EventCountry "USA"]
[SourceTitle "CB09_2025"]
[SourceDate "2025.02.27"]
[SourceVersion "1"]
[SourceVersionDate "2025.02.27"]
[SourceQuality "1"]

1. e4 e5 2. Nf3 Nc6 3. Bc4 Nf6 4. Ng5 Bc5 5. Bxf7+ Ke7 6. Bc4 Rf8 7. d3 d6 8. Nc3 Qe8 9. 0-0 Qg6 10. Be3 Bxe3 11. fxe3 Qxg5 12. Nd5+ Nxd5 13. Rxf8 Kxf8 14. exd5 Qxe3+ 15. Kh1 Nd4 16. Qf1+ Kg8 17. c3 Nf5 18. Re1 Qh6 19. g4 Ng3+ 0-1

[Event "Titled Tuesday intern op 11th Feb Early"]
[Site "Chess.com INT"]
[Date "2025.02.11"]
[Round "1"]
[White "Zarnicki, Pablo Adrian"]
[Black "Quispe Santacruz, Javier"]
[Result "1-0"]
[WhiteElo "2514"]
[BlackElo "1810"]
[PlyCount "57"]
[EventDate "2025.02.11"]
[EventType "swiss (blitz)"]
[EventRounds "11"]
[EventCountry "USA"]
[SourceTitle "CB09_2025"]
[SourceDate "2025.02.27"]
[SourceVersion "1"]
[SourceVersionDate "2025.02.27"]
[SourceQuality "1"]

1. e4 c5 2. Nf3 d6 3. d4 cxd4 4. Nxd4 Nf6 5. Nc3 g6 6. Be2 Bg7 7. 0-0 0-0 8. Re1 Nc6 9. Nb3 Bd7 10. Bf1 Ne5 11. Bg5 Qb6 12. Bxf6 Bxf6 13. Nd5 Qd8 14. Nxf6+ exf6 15. Qxd6 Ng4 16. Rad1 Ne5 17. f4 Qa5 18. Nxa5 Be6 19. fxe5 fxe5 20. Nxb7 Rfd8 21. Nxd8 Rxd8 22. Qxd8+ Kg7 23. Rd7 Bxd7 24. Qxd7 h5 25. Bc4 g5 26. Qxf7+ Kh6 27. Qf6+ Kh7 28. Rd1 g4 29. Rd7# 1-0

[Event "Titled Tuesday intern op 21st Jan Late"]
[Site "Chess.com INT"]
[Date "2025.01.21"]
[Round "2"]
[White "Quispe Santacruz, Javier"]
[Black "Lane, Ryan"]
[Result "0-1"]
[WhiteElo "1811"]
[BlackElo "2041"]
[PlyCount "60"]
[EventDate "2025.01.21"]
[EventType "swiss (blitz)"]
[EventRounds "11"]
[EventCountry "USA"]
[SourceTitle "CB05_2025"]
[SourceDate "2025.01.29"]
[SourceVersion "1"]
[SourceVersionDate "2025.01.29"]
[SourceQuality "1"]

1. e4 e5 2. Nf3 Nc6 3. Bc4 Nf6 4. Ng5 d5 5. exd5 Na5 6. Bb5+ c6 7. dxc6 bxc6 8. Qf3 Be7 9. Bxc6+ Nxc6 10. Qxc6+ Bd7 11. Qf3 0-0 12. Nc3 h6 13. Nge4 Nxe4 14. Qxe4 Rc8 15. d3 Bc6 16. Qg4 f5 17. Qg3 Bh4 18. Qe3 f4 19. Qe2 Bxg2 20. Rg1 f3 21. Qe4 Bg5 22. Bxg5 Qxg5 23. a3 Rb8 24. Rb1 Rfc8 25. Qd5+ Kh8 26. Qa5 Qf4 27. h4 Qh2 28. Kd2 Qxh4 29. Qxe5 Qxf2+ 30. Ne2 Re8 0-1

[Event "Titled Tuesday intern op 14th Jan Early"]
[Site "Chess.com INT"]
[Date "2025.01.14"]
[Round "11"]
[White "Quispe Santacruz, Javier"]
[Black "Kharmunova, Nadezhda"]
[Result "0-1"]
[WhiteElo "1811"]
[BlackElo "2022"]
[PlyCount "144"]
[EventDate "2025.01.14"]
[EventType "swiss (blitz)"]
[EventRounds "11"]
[EventCountry "USA"]
[SourceTitle "CB04_2025"]
[SourceDate "2025.01.22"]
[SourceVersion "1"]
[SourceVersionDate "2025.01.22"]
[SourceQuality "1"]

1. e4 c6 2. Ne2 d5 3. exd5 cxd5 4. d4 Nc6 5. g3 Nf6 6. Bg2 Bf5 7. 0-0 e6 8. Nf4 Bd6 9. c3 0-0 10. Re1 h6 11. Nd2 Ne7 12. Qe2 Ng6 13. Nxg6 Bxg6 14. Nf3 Be4 15. Ne5 Bxg2 16. Kxg2 Rc8 17. Bf4 Bxe5 18. Bxe5 Ne4 19. Rad1 a6 20. f3 Nd6 21. Bxd6 Qxd6 22. Qe5 Qxe5 23. Rxe5 b5 24. f4 b4 25. Rc1 Rc4 26. Re2 Rfc8 27. Rec2 a5 28. a3 bxa3 29. bxa3 a4 30. Kf3 Rb8 31. Ra2 Rb3 32. Ke2 Rcxc3 33. Rxc3 Rxc3 34. Kd2 Rf3 35. Ke2 Rb3 36. Kd2 Kf8 37. g4 Rh3 38. Ke1 Ke7 39. Kf1 f6 40. Kg2 Rd3 41. h4 Rxd4 42. Kg3 Rd3+ 43. Kf2 Rb3 44. g5 hxg5 45. fxg5 fxg5 46. hxg5 Kf7 47. Ke2 Kg6 48. Kd2 Kxg5 49. Kc2 Kf4 50. Ra1 g5 51. Rg1 g4 52. Rf1+ Kg3 53. Rf6 e5 54. Re6 e4 55. Re5 e3 56. Rxd5 Kf2 57. Rf5+ Ke1 58. Re5 g3 59. Kc1 g2 60. Rg5 Kf1 61. Rg3 g1Q 62. Rxg1+ Kxg1 63. Kd1 Kf2 64. Kc2 Rb8 65. Kc3 e2 66. Kc4 e1Q 67. Kd5 Rd8+ 68. Kc6 Rd2 69. Kc5 Qc1+ 70. Kb5 Rb2+ 71. Kxa4 Qc4+ 72. Ka5 Qb5# 0-1

[Event "Titled Tuesday intern op 14th Jan Early"]
[Site "Chess.com INT"]
[Date "2025.01.14"]
[Round "1"]
[White "Quispe Santacruz, Javier"]
[Black "Kubicka, Anna"]
[Result "0-1"]
[WhiteElo "1811"]
[BlackElo "2230"]
[PlyCount "75"]
[EventDate "2025.01.14"]
[EventType "swiss (blitz)"]
[EventRounds "11"]
[EventCountry "USA"]
[SourceTitle "CB04_2025"]
[SourceDate "2025.01.22"]
[SourceVersion "1"]
[SourceVersionDate "2025.01.22"]
[SourceQuality "1"]

1. e4 c5 2. Nf3 d6 3. Bb5+ Nd7 4. d4 cxd4 5. Qxd4 Ngf6 6. Bxd7+ Bxd7 7. Nc3 g6 8. Bg5 Bg7 9. Qd2 0-0 10. 0-0 Bc6 11. Rfe1 Rc8 12. Bh6 Qb6 13. Bxg7 Kxg7 14. Rab1 a6 15. a3 Qc7 16. Nd4 b5 17. Nxc6 Qxc6 18. Nd5 Qxc2 19. Qxc2 Rxc2 20. Nxe7 Re8 21. Nd5 Nxd5 22. exd5 Rxb2 23. Rbc1 Rxe1+ 24. Rxe1 Rd2 25. h3 Rxd5 26. Rc1 Rd3 27. Rc6 Rxa3 28. Rxd6 b4 29. Rb6 a5 30. Rb5 b3 31. Kh2 a4 32. f3 Ra2 33. Rb4 b2 34. Kg3 a3 35. Rb3 Ra1 36. Rxb2 axb2 37. Kg4 b1Q 38. g3 0-1

[Event "Titled Tuesday intern op 14th Jan Early"]
[Site "Chess.com INT"]
[Date "2025.01.14"]
[Round "4"]
[White "Quispe Santacruz, Javier"]
[Black "Lewandowski, Rafal"]
[Result "0-1"]
[WhiteElo "1811"]
[BlackElo "2106"]
[PlyCount "104"]
[EventDate "2025.01.14"]
[EventType "swiss (blitz)"]
[EventRounds "11"]
[EventCountry "USA"]
[SourceTitle "CB04_2025"]
[SourceDate "2025.01.22"]
[SourceVersion "1"]
[SourceVersionDate "2025.01.22"]
[SourceQuality "1"]

1. e4 c5 2. Nf3 e6 3. d4 cxd4 4. Nxd4 a6 5. c4 Nf6 6. Nc3 Bb4 7. f3 Qc7 8. Bd2 Nc6 9. Be3 Qa5 10. Bd2 Nxd4 11. a3 Be7 12. Nd5 Qd8 13. Nxe7 Qxe7 14. Bb4 Qd8 15. Qxd4 b6 16. Bc3 0-0 17. Qe3 Ne8 18. Be2 Qc7 19. Rd1 d6 20. Qg5 f6 21. Qg3 Bd7 22. Bb4 e5 23. 0-0 Be6 24. b3 a5 25. Bd2 a4 26. b4 Bxc4 27. Rc1 b5 28. Bh6 Qf7 29. Be3 Rc8 30. Bxc4 Rxc4 31. Rfd1 g6 32. Rxd6 Nxd6 33. Bc5 Rxc1+ 34. Kf2 Rxc5 35. bxc5 Qa2+ 36. Kg1 Nc4 37. Qe1 Qd2 38. Qf1 Qd4+ 39. Kh1 Qxc5 40. h3 Rd8 41. Qg1 Qxg1+ 42. Kxg1 Rd2 43. Kh2 Nxa3 44. Kg3 Nc4 45. h4 a3 46. Kh3 a2 47. g3 a1Q 48. Kg4 Qd1 49. h5 Rd3 50. hxg6 Qxf3+ 51. Kh4 Qxg3+ 52. Kh5 Qh3# 0-1

[Event "Titled Tuesday intern op 07th Jan Early"]
[Site "Chess.com INT"]
[Date "2025.01.07"]
[Round "10"]
[White "Hehir, Michael"]
[Black "Quispe Santacruz, Javier"]
[Result "1-0"]
[WhiteElo "2009"]
[BlackElo "1811"]
[PlyCount "49"]
[EventDate "2025.01.07"]
[EventType "swiss (blitz)"]
[EventRounds "11"]
[EventCountry "USA"]
[SourceTitle "CB03_2025"]
[SourceDate "2025.01.15"]
[SourceVersion "1"]
[SourceVersionDate "2025.01.15"]
[SourceQuality "1"]

1. d4 d5 2. Nf3 Nf6 3. c4 c6 4. e3 Bf5 5. Nc3 Nbd7 6. Nh4 Bg6 7. Nxg6 hxg6 8. Bd3 e6 9. b3 Be7 10. Bb2 0-0 11. 0-0 Rc8 12. Rc1 Re8 13. Qf3 a6 14. Rfe1 e5 15. cxd5 cxd5 16. Nxd5 e4 17. Rxc8 Qxc8 18. Bxe4 Nxe4 19. Qxe4 Bb4 20. Qb1 Bxe1 21. Qxe1 Qc2 22. Qc1 Qxc1+ 23. Bxc1 Rc8 24. Ne7+ Kf8 25. Nxc8 1-0

[Event "Titled Tuesday intern op 26th Nov Late"]
[Site "Chess.com INT"]
[Date "2024.11.26"]
[Round "10"]
[White "Quispe Santacruz, Javier"]
[Black "Jimenez Salas, Maria Teresa"]
[Result "0-1"]
[WhiteElo "1817"]
[BlackElo "2079"]
[PlyCount "40"]
[EventDate "2024.11.26"]
[EventType "swiss (blitz)"]
[EventRounds "11"]
[EventCountry "USA"]
[SourceTitle "CB49_2024"]
[SourceDate "2024.12.04"]
[SourceVersion "1"]
[SourceVersionDate "2024.12.04"]
[SourceQuality "1"]

1. e4 c5 2. Nf3 e6 3. d4 cxd4 4. Nxd4 Nf6 5. Nc3 d6 6. Bg5 Be7 7. Bb5+ Bd7 8. Bxd7+ Nbxd7 9. 0-0 0-0 10. h3 h6 11. Bh4 a6 12. Re1 Qc7 13. Nf3 Nc5 14. e5 dxe5 15. Nxe5 Rfd8 16. Qe2 Rac8 17. Rad1 b5 18. Rd5 Nxd5 19. Nxd5 Rxd5 20. Bxe7 Qxe7 0-1

[Event "Titled Tuesday intern op 26th Nov Late"]
[Site "Chess.com INT"]
[Date "2024.11.26"]
[Round "1"]
[White "Quispe Santacruz, Javier"]
[Black "Tikhonov, Viacheslav"]
[Result "0-1"]
[WhiteElo "1817"]
[BlackElo "2176"]
[PlyCount "38"]
[EventDate "2024.11.26"]
[EventType "swiss (blitz)"]
[EventRounds "11"]
[EventCountry "USA"]
[SourceTitle "CB49_2024"]
[SourceDate "2024.12.04"]
[SourceVersion "1"]
[SourceVersionDate "2024.12.04"]
[SourceQuality "1"]

1. e4 c5 2. Nf3 Nc6 3. Bb5 Nd4 4. Nxd4 cxd4 5. c3 a6 6. Bd3 e6 7. cxd4 d5 8. e5 Ne7 9. Nc3 Nc6 10. Ne2 Qb6 11. Qc2 Nxd4 12. Qa4+ Nc6 13. b3 Bd7 14. Qf4 Nb4 15. Bb1 Bb5 16. Nc3 Rc8 17. Nxb5 Rxc1+ 18. Ke2 Qxb5+ 19. d3 Rxh1 0-1

[Event "Titled Tuesday intern op 26th Nov Late"]
[Site "Chess.com INT"]
[Date "2024.11.26"]
[Round "5"]
[White "Quispe Santacruz, Javier"]
[Black "Vargas Benavides, Mauricio"]
[Result "0-1"]
[WhiteElo "1817"]
[BlackElo "2000"]
[PlyCount "64"]
[EventDate "2024.11.26"]
[EventType "swiss (blitz)"]
[EventRounds "11"]
[EventCountry "USA"]
[SourceTitle "CB49_2024"]
[SourceDate "2024.12.04"]
[SourceVersion "1"]
[SourceVersionDate "2024.12.04"]
[SourceQuality "1"]

1. e4 c6 2. d4 d5 3. Nc3 dxe4 4. Nxe4 Nf6 5. Nxf6+ exf6 6. Bd3 Bd6 7. c3 0-0 8. Qc2 Re8+ 9. Ne2 h6 10. 0-0 Be6 11. Bd2 Qc7 12. Ng3 Nd7 13. Rfe1 c5 14. dxc5 Nxc5 15. b4 Nxd3 16. Qxd3 Rad8 17. Qc2 Bxb4 18. Rac1 Bc5 19. Ne4 Bb6 20. a3 Kh8 21. Ng3 Qc5 22. Be3 Qxa3 23. Bxb6 axb6 24. Ra1 Qc5 25. Ne4 Qc6 26. Ng3 Bd5 27. f3 Bc4 28. Ne4 Bd3 29. Qc1 Bxe4 30. Rxe4 Rxe4 31. fxe4 Qxe4 32. Ra7 Qe2 0-1

[Event "Titled Tuesday intern op 26th Nov Late"]
[Site "Chess.com INT"]
[Date "2024.11.26"]
[Round "4"]
[White "Sandoval Mercado, Carlos"]
[Black "Quispe Santacruz, Javier"]
[Result "1-0"]
[WhiteElo "2364"]
[BlackElo "1817"]
[PlyCount "77"]
[EventDate "2024.11.26"]
[EventType "swiss (blitz)"]
[EventRounds "11"]
[EventCountry "USA"]
[SourceTitle "CB49_2024"]
[SourceDate "2024.12.04"]
[SourceVersion "1"]
[SourceVersionDate "2024.12.04"]
[SourceQuality "1"]

1. d4 d5 2. Nf3 Nf6 3. e3 c5 4. Be2 Nc6 5. 0-0 Bf5 6. dxc5 e5 7. Bb5 e4 8. Nd4 Bd7 9. Bxc6 bxc6 10. b4 a5 11. c3 Qb8 12. a3 axb4 13. cxb4 Be7 14. h3 0-0 15. Nc3 Qc7 16. Rb1 Rfb8 17. a4 Ra7 18. Ba3 Rbb7 19. b5 Ra8 20. b6 Qc8 21. Bb4 Be8 22. a5 Bd8 23. Qe2 Bd7 24. a6 Rbb8 25. b7 Qc7 26. bxa8Q Rxa8 27. Ra1 Qc8 28. Ba5 Rxa6 29. Bxd8 Qxd8 30. Rxa6 Qe7 31. Ra8+ Qd8 32. Rxd8+ Be8 33. Nxc6 g6 34. Nxd5 Kg7 35. Nxf6 Kxf6 36. Rxe8 Kg7 37. Qg4 h6 38. Qxe4 f5 39. Qe7# 1-0

[Event "Titled Tuesday intern op 28th May Late"]
[Site "Chess.com INT"]
[Date "2024.05.28"]
[Round "3"]
[White "Quispe Santacruz, Javier"]
[Black "Bogaudinov, Rushan"]
[Result "1/2-1/2"]
[WhiteElo "1882"]
[BlackElo "1912"]
[PlyCount "154"]
[EventDate "2024.05.28"]
[EventType "swiss (blitz)"]
[EventRounds "11"]
[EventCountry "USA"]
[SourceTitle "EXT 2025"]
[Source "ChessBase"]
[SourceDate "2024.10.14"]
[SourceVersion "1"]
[SourceVersionDate "2024.10.14"]
[SourceQuality "1"]

1. d4 d5 2. c4 e6 3. Nc3 Nf6 4. cxd5 exd5 5. Bf4 c6 6. e3 Be7 7. Bd3 0-0 8. Qc2 Nbd7 9. Nf3 Re8 10. 0-0 Nf8 11. Ne5 Be6 12. Rab1 Nh5 13. Bg3 Nxg3 14. hxg3 a5 15. a3 Bd6 16. f4 f6 17. Nf3 Bg4 18. Kf2 Qe7 19. Rbe1 b5 20. Rh1 h6 21. e4 Qa7 22. Ne2 c5 23. exd5 cxd4 24. Qc6 Rad8 25. Qxb5 Rb8 26. Qa4 Bd7 27. Qc2 Rec8 28. Qd2 Qc5 29. Rc1 Qxd5 30. Bb1 Rxc1 31. Rxc1 Kh8 32. Qxd4 Qxd4+ 33. Nexd4 Rxb2+ 34. Kg1 g5 35. fxg5 hxg5 36. Nf5 Bxg3 37. Nxg3 Rb3 38. Bf5 Bxf5 39. Nxf5 Rxa3 40. Rc8 Kg8 41. N3d4 g4 42. Ne6 g3 43. Rxf8+ Kh7 44. Nxg3 Rxg3 45. Rxf6 Ra3 46. Rf5 Ra1+ 47. Kh2 a4 48. Ra5 Kg6 49. Nc5 a3 50. Nb3 Ra2 51. Kh3 Kf6 52. g4 Ke6 53. Kh4 Kd6 54. g5 Kc6 55. g6 Kb6 56. Ra8 Rg2 57. Kh5 a2 58. Kh6 Rh2+ 59. Kg7 Rg2 60. Kf7 Kb5 61. g7 Rf2+ 62. Ke8 Re2+ 63. Kf8 Rf2+ 64. Kg8 Kb4 65. Kh7 Rh2+ 66. Kg6 Rg2+ 67. Kf6 Kxb3 68. Kf7 Rf2+ 69. Ke7 Re2+ 70. Kd7 Rd2+ 71. Ke7 Rg2 72. Kf7 Rf2+ 73. Ke8 Rg2 74. Kf8 Rf2+ 75. Ke7 Re2+ 76. Kd6 Rd2+ 77. Ke7 Re2+ 1/2-1/2

[Event "Titled Tuesday intern op 26th Sep Early"]
[Site "Chess.com INT"]
[Date "2023.09.26"]
[Round "3"]
[White "Quispe Santacruz, Javier"]
[Black "Koridze, Lile"]
[Result "1-0"]
[WhiteElo "1805"]
[BlackElo "2181"]
[PlyCount "137"]
[EventDate "2023.09.26"]
[EventType "swiss (blitz)"]
[EventRounds "11"]
[EventCountry "USA"]
[SourceTitle "EXT 2024"]
[Source "ChessBase"]
[SourceDate "2023.10.10"]
[SourceVersion "1"]
[SourceVersionDate "2023.10.10"]
[SourceQuality "1"]

1. d4 Nf6 2. c4 e6 3. Nf3 d5 4. Nc3 Bb4 5. cxd5 exd5 6. Qa4+ Nc6 7. Bg5 h6 8. Bxf6 Qxf6 9. e3 0-0 10. Be2 Bxc3+ 11. bxc3 Ne7 12. 0-0 c6 13. Rab1 b6 14. Ne5 Bf5 15. Bd3 Bxd3 16. Nxd3 Nf5 17. Ne5 Rfc8 18. c4 Nd6 19. cxd5 cxd5 20. Rfc1 Ne4 21. Nf3 Nc3 22. Qa6 Rc4 23. Ne5 Ne2+ 24. Kf1 Rxc1+ 25. Rxc1 Nxc1 26. Qb7 Rf8 27. Qxa7 Qf5 28. Qxb6 Qc2 29. g3 Qe2+ 30. Kg2 Qxa2 31. Nd7 Re8 32. Ne5 Qa3 33. Qc6 Rd8 34. Qc7 Qf8 35. Qxc1 Qd6 36. Qc2 Re8 37. Qf5 Qe6 38. Qf4 f6 39. Ng6 Qe4+ 40. Qxe4 Rxe4 41. Nf4 Kf7 42. Nxd5 Re8 43. Nf4 g5 44. Nd3 Rc8 45. Nc5 Ke7 46. Kf3 Rb8 47. Kg4 Rb2 48. Kf3 Rd2 49. Ne4 Rd1 50. h3 Rh1 51. h4 gxh4 52. gxh4 Rxh4 53. Ng3 Rh2 54. e4 Ke6 55. Ke3 h5 56. d5+ Ke5 57. f4+ Kd6 58. Nf5+ Kc5 59. Kf3 Rd2 60. d6 Kc6 61. e5 fxe5 62. fxe5 Rd5 63. Ne7+ Kc5 64. Nxd5 Kxd5 65. d7 Kxe5 66. d8Q Kf5 67. Qg8 h4 68. Kg2 Kf4 69. Kh3 1-0

[Event "Titled Tuesday intern op 12th Sep Late"]
[Site "Chess.com INT"]
[Date "2023.09.12"]
[Round "4"]
[White "Al Saffar, Araz Basim Mohammed"]
[Black "Quispe Santacruz, Javier"]
[Result "1-0"]
[WhiteElo "2390"]
[BlackElo "1805"]
[PlyCount "49"]
[EventDate "2023.09.12"]
[EventType "swiss (blitz)"]
[EventRounds "11"]
[EventCountry "USA"]
[SourceTitle "EXT 2024"]
[Source "ChessBase"]
[SourceDate "2023.10.10"]
[SourceVersion "1"]
[SourceVersionDate "2023.10.10"]
[SourceQuality "1"]

1. d4 d5 2. c4 c6 3. cxd5 cxd5 4. Bf4 Nf6 5. e3 Nc6 6. Nc3 a6 7. Rc1 Bf5 8. Qb3 Na5 9. Qa4+ b5 10. Qd1 e6 11. Nf3 Bd6 12. Bg5 h6 13. Bh4 Rc8 14. Bd3 Bxd3 15. Qxd3 0-0 16. 0-0 Nc4 17. b3 Nb6 18. Ne5 Be7 19. a4 b4 20. Na2 a5 21. Qb5 Nbd7 22. Rxc8 Qxc8 23. Nxd7 Nxd7 24. Bxe7 Re8 25. Rc1 1-0